Conversaciones con Jorge Fons /

Guardado en:
Bibliografiske detaljer
Hovedforfatter: Fons, Jorge (autor)
Institution som forfatter: Festival Internacional de Cine en Guadalajara
Andre forfattere: Vega Alfaro, Eduardo de la (entrevista) (entrevista)
Format: Procedimiento de la conferencia Bog
Sprog:spansk
Udgivet: Guadalajara, México : Muestra de Cine Mexicano en Guadalajara : Universidad de Guadalajara, Centro Universitario de Ciencias Sociales y Humanidades : Gobierno del Estado de Jalisco, Secretaría de Cultura, 2005, c2005
Fag:
Tags: Tilføj Tag
Ingen Tags, Vær først til at tagge denne postø!

MARC

LEADER 00000nam^a2200000^a^4500
001 000286173
005 20260226154502.0
009 20260310111800.494
020 |a 970-27-0550-9 
037 |a Acervo ITESO - Biblioteca 
041 |a ESP 
082 |a 302. 23550972352  |b FICG 2005 HOM 
100 |a Fons, Jorge  |e (autor) 
240 1 1 |a [FICG] 
240 1 1 |a [FICG: publicaciones de homenajes y retrospectivas] 
240 1 1 |a [FICG 20] 
240 1 1 |a [FICG 2005] 
240 1 1 |a [Festival Internacional de Cine en Guadalajara] 
240 1 1 |a [Festival Internacional de Cine en Guadalajara: publicaciones de homenajes y retrospectivas] 
240 1 1 |a [Festival Internacional de Cine en Guadalajara 2005] 
245 1 0 |a Conversaciones con Jorge Fons /  |c J. Fons ; entrevistado por E. de la Vega Alfaro. 
264 4 |a Guadalajara, México :  |b Muestra de Cine Mexicano en Guadalajara :  |b Universidad de Guadalajara, Centro Universitario de Ciencias Sociales y Humanidades :  |b Gobierno del Estado de Jalisco, Secretaría de Cultura,  |c 2005, c2005 
300 |a 243 p. 
336 |a texto  |b txt  |2 rdacontenido 
337 |a sin mediación  |b n  |2 rdamedio 
338 |a volumen  |b nc  |2 rdasoporte 
585 |a Exposición DIA 2024-09 / Hilos del vestuario en el cine mexicano 
586 |a Festival Internacional de Cine en Guadalajara (20°: 2005): Homenaje Cine Mexicano 
586 |a Premio Nacional de Ciencias y Artes, categoría Bellas Artes (62°: 2011), ex aequo: Entrevistas 
649 |a XX 
650 |a Cineastas Mexicanos -  |x Entrevistas 
650 |a Cine Mexicano -  |x Historia y Crítica 
650 |a Cine Mexicano -  |y Siglo XX 
650 |a Fons, Jorge -  |x Tema Principal 
700 |a Vega Alfaro, Eduardo de la  |e (entrevista) 
711 |a Festival Internacional de Cine en Guadalajara (  |n 20° :  |d 2005 :  |c Guadalajara, México) 
910 |a Fondo General 
920 |a Impresos - Libros 
930 |a Reserva Especial 
905 |a 103 
901 |a 0500173034  |b IT1  |c REE  |u 20250521 
902 |a https://opac.biblio.iteso.mx/vufind/Record/000286173